Gimnasia mental : 131 juegos matemáticos /
Esta obra ofrece una selección de juegos y problemas matemáticos que tienen el objetivo de aproximar al lector a las matemáticas y de ampliar sus capacidades de pensamiento lógico. Se estructura en diez partes, y cada una aborda una temática distinta: desde las recreaciones matemáticas, los problema...
Guardado en:
| Autor principal: | |
|---|---|
| Formato: | Libro |
| Idioma: | Español |
| Publicado: |
Madrid, España :
Martínez Roca,
2003, c2003
|
| Temas: | |
| Etiquetas: |
Sin etiquetas, Sé el primero en etiquetar este registro!
|
MARC
| LEADER | 00000nam^a2200000^a^4500 | ||
|---|---|---|---|
| 001 | 000156636 | ||
| 005 | 20250521000000.0 | ||
| 009 | 20260310100511.434 | ||
| 020 | |a 84-270-2959-4 | ||
| 037 | |a Acervo ITESO - Biblioteca | ||
| 041 | |a ESP | ||
| 082 | |a 153. |b GIM | ||
| 100 | |a Deulofeu, Jordi |e (autor) | ||
| 240 | 1 | 1 | |a [Gimnasia mental] |
| 245 | 1 | 0 | |a Gimnasia mental : |b 131 juegos matemáticos / |c J. Deulofeu. |
| 264 | 4 | |a Madrid, España : |b Martínez Roca, |c 2003, c2003 | |
| 300 | |a 185 p. | ||
| 336 | |a texto |b txt |2 rdacontenido | ||
| 337 | |a sin mediación |b n |2 rdamedio | ||
| 338 | |a volumen |b nc |2 rdasoporte | ||
| 520 | |a Esta obra ofrece una selección de juegos y problemas matemáticos que tienen el objetivo de aproximar al lector a las matemáticas y de ampliar sus capacidades de pensamiento lógico. Se estructura en diez partes, y cada una aborda una temática distinta: desde las recreaciones matemáticas, los problemas relacionados con la lógica, las paradojas, las curiosidades geométricas y topológicas, hasta el azar y su modelización matemática. | ||
| 649 | |a XX | ||
| 650 | |a Juegos Matemáticos - |x Tema Principal | ||
| 650 | |a Juegos | ||
| 650 | |a Lógica Matemática | ||
| 650 | |a Razonamiento Lógico | ||
| 650 | |a Habilidades de Pensamiento | ||
| 650 | |a Psicología Cognitiva | ||
| 650 | |a Probabilidad | ||
| 650 | |a Matemáticas | ||
| 650 | |a Psicología | ||
| 910 | |a Fondo General | ||
| 920 | |a Impresos - Libros | ||
| 930 | |a Colección General | ||
| 905 | |a 101 | ||
| 901 | |a 0500085252 |b IT1 |c ACC |u 20250521 | ||
| 902 | |a https://opac.biblio.iteso.mx/vufind/Record/000156636 | ||